| 000 | 01180cam a22003375i 4500 | ||
|---|---|---|---|
| 001 | 016635641 | ||
| 003 | EG-ScBUE | ||
| 005 | 20250529085919.0 | ||
| 008 | 140217t2014 nyua f bd 001 0 eng d | ||
| 020 | _a9781259251665 | ||
| 020 | _a1259251667 | ||
| 040 |
_aEG-ScBUE _beng _erda _cEG-ScBUE _dEG-ScBUE |
||
| 082 | 0 | 4 |
_a519.5 _222 _bBLU |
| 100 | 1 |
_aBluman, Allan G., _eauthor. |
|
| 245 | 1 | 0 |
_aElementary statistics : _ba step by step approach / _cAllan G. Bluman, professor emeritus, Community College of Allegheny County. |
| 250 | _aNinth edition. | ||
| 250 | _aMcGraw-Hill international edition. | ||
| 264 | 1 |
_aNew York : _bMcGraw-Hill Education, _c[2014] |
|
| 264 | 4 | _cc2014 | |
| 300 |
_axxiii, 817 pages : _billustrations ; _c28 cm |
||
| 336 |
_2rdacontent _atext _btxt |
||
| 337 |
_aunmediated _2rdamedia _bn |
||
| 338 |
_avolume _bnc _2rdacarrier |
||
| 500 | _aIncludes glossary. | ||
| 500 | _aIncludes Appendices. | ||
| 504 | _aIncludes bibliographical references and index. | ||
| 650 | 7 |
_aMathematical statistics. _2BUEsh _97173 |
|
| 650 | 7 |
_aMathematical statistics _vProblems, exercises, etc. _2BUEsh _941268 |
|
| 655 | _vReading book | ||
| 942 |
_2ddc _cBB |
||
| 999 |
_c22631 _d22603 |
||